Trivia Quiz - Statistics

General Stats
  • This quiz has been taken 22 times
  • The average score is 6 of 10
Answer Stats
Hint Answer % Correct
Who discovered the Americas? (Debatable but just put the most agreed one) Christopher Colombus
91%
What is the capital of Canada? Ottawa
91%
What is the square root of 64? 8
86%
What is the first book of the Bible? Genesis
82%
What is the least populous country in the world? Vatican City
64%
Famous Roman king who has a way of getting a baby out named after him Julius Caesar
59%
Who was the mascot of McDonald's before they removed him for being too creepy? Ronald McDonald
59%
What is the name of the biggest island in Indonesia? (And Malaysia) Borneo
50%
Who said this quote? "With great power comes great responsibility" Stan Lee
14%
What reproductive organ do both men and women have? Bladder
0%
No matching quizzes found
Score Distribution
Percent of People with Each Score
Percentile by Number Answered
Your Score History
You have not taken this quiz